|
|
|
|
| LEADER |
02510nam a22004337a 4500 |
| 001 |
42783 |
| 003 |
BD-DhAAL |
| 005 |
20250508184132.0 |
| 008 |
240709t2023 bg ||||| b||| 00| 0 ben d |
| 020 |
|
|
|a 9789849778974
|
| 020 |
|
|
|a 9841805545
|
| 040 |
|
|
|a BD-DhAAL
|d BD-DhAAL
|
| 041 |
|
|
|a ben
|
| 082 |
|
|
|a 363.70095492
|2 23
|
| 245 |
|
|
|a বাঙালির পরিবেশচিন্তা.
|n তৃতীয় খণ্ড /
|c সম্পাদক, মুশফিকুর রহমান ; গ্রন্থমালা সম্পাদক, আবদুল্লাহ আবু সায়ীদ.
|
| 246 |
|
|
|a Bangalir chintamulok rochona shongroho :
|b poribesh [tritiyo khondo]
|
| 246 |
|
|
|a A collection of Bengali thoughts :
|b environment [volume : 3]
|
| 264 |
|
|
|a ঢাকা :
|b বিশ্বসাহিত্য কেন্দ্র,
|c ২০২৩.
|
| 300 |
|
|
|a ২৯৪ পৃষ্ঠা ;
|c ২২ সে.মি.
|
| 362 |
|
|
|a Vol. 3
|
| 490 |
|
|
|a বাঙালির চিন্তামূলক রচনা সংগ্রহ ;
|v ৭৫
|
| 490 |
|
|
|a বিশ্বসাহিত্য কেন্দ্র প্রকাশনা ;
|v ৫৫৫
|
| 500 |
|
|
|a প্রথম প্রকাশ.
|
| 504 |
|
|
|a গ্রন্থপঞ্জিগত নির্দেশিকা অন্তর্ভুক্ত।
|
| 526 |
|
|
|a AAL, RS
|
| 541 |
|
|
|a Bishwo Shahitto Kendro
|e 42783, 42819
|
| 650 |
|
|
|a Environment policy
|z Bangladesh.
|9 56615
|
| 650 |
|
|
|a Climatic changes
|z Bangladesh.
|
| 650 |
|
|
|a Environmental degradation
|z Bangladesh.
|9 564
|
| 651 |
|
|
|a Bangladesh
|x Environmental conditions.
|9 568
|
| 700 |
|
|
|a রহমান, মুশফিকুর.
|9 56622
|
| 700 |
|
|
|a সায়ীদ, আবদুল্লাহ আবু.
|
| 830 |
|
|
|a বাঙালির চিন্তামূলক রচনা সংগ্রহ ;
|v ৭৫
|
| 830 |
|
|
|a বিশ্বসাহিত্য কেন্দ্র প্রকাশনা ;
|v ৫৫৫
|
| 852 |
|
|
|a Ayesha Abed Library
|c Reference Section
|
| 942 |
|
|
|2 ddc
|c BK
|
| 999 |
|
|
|c 46775
|d 46775
|
| 952 |
|
|
|0 0
|1 0
|2 ddc
|4 0
|6 363_700954920000000_BAN
|7 1
|9 75776
|a SCL
|b SCL
|c REF
|d 2024-07-03
|e Bishwo Shahitto Kendro
|g 370.00
|l 0
|o 363.70095492 BAN
|p 3020042819
|r 2024-07-03
|t 2
|v 740.00
|w 2024-07-03
|y BK
|
| 952 |
|
|
|0 0
|1 0
|2 ddc
|4 0
|6 363_700954920000000_BAN
|7 1
|9 75777
|a BRACUL
|b BRACUL
|c REF
|d 2024-07-03
|e Bishwo Shahitto Kendro
|g 370.00
|l 0
|o 363.70095492 BAN
|p 3010042783
|r 2024-07-03
|t 1
|v 740.00
|w 2024-07-03
|y BK
|